000 00521nam a2200181Ia 4500
005 20250326123448.0
008 250326s9999 xx 000 0 und d
037 _aTextbook
040 _aFMSL
_beng
_cFMSL
041 _aeng
_2eng
084 _aX8(A):8 M01
_qFMSL
100 _aRyan F A
_9233075
245 0 _aAppropriate management technology for the third world
_cRyan F A
260 _aAllahabad
_bAllahabad, Wheeler
_c1980
300 _a282p
942 _cTB
_hX8(A):8 M01
999 _c1269468
_d1269468